| 000 | 01273cam a2200349 a 4500 | ||
|---|---|---|---|
| 001 | 13243940 | ||
| 005 | 20161112115037.0 | ||
| 008 | 030618s2003 nyua 000 0 eng | ||
| 010 | _a 2003269120 | ||
| 020 | _a0743241142 | ||
| 040 |
_aDLC _cDLC _dDLC |
||
| 050 | 0 | 0 |
_aQA93 _b.S67 2003 |
| 082 | 0 | 0 |
_aDRef 510 _22003 _bS1m |
| 100 | 1 |
_aStanton, Robert, _d1955- |
|
| 245 | 1 | 0 | _aMath power. |
| 246 | 1 | _aKaplan math power | |
| 250 |
_a3rd edition / _bby Robert Stanton and the staff of Kaplan, Inc. |
||
| 260 |
_aNew York : _bSimon & Schuster, _cc2003. |
||
| 300 |
_axiii, 321 pages : _billustrations ; _c22 cm. |
||
| 490 | 1 | _aPower books | |
| 500 | _a | ||
| 650 | 0 |
_aMathematics _vPopular works. |
|
| 710 | 2 | _aKaplan, Inc. | |
| 830 | 0 | _aKaplan power books. | |
| 856 | 4 | 2 |
_3Publisher description _uhttp://www.loc.gov/catdir/description/simon041/2003269120.html |
| 856 | 4 | 1 |
_3Table of contents only _uhttp://www.loc.gov/catdir/enhancements/fy0631/2003269120-t.html |
| 856 | 4 | 1 |
_3Sample text _uhttp://www.loc.gov/catdir/enhancements/fy0707/2003269120-s.html |
| 365 |
_b579.00 _cPhp |
||
| 906 |
_a7 _bcbc _corigcop _d2 _encip _f20 _gy-gencatlg |
||
| 942 |
_2ddc _cDREF |
||
| 999 |
_c5590 _d5590 |
||